[Event "Mem Stavros Skondras 1st A"]
[Site "Thessaloniki"]
[Date "2014.10.03"]
[Round "1.5"]
[White "Gouloutis, Nikolaos"]
[Black "Athanasiadis, Mihail"]
[Result "1-0"]
[WhiteElo "2159"]
[BlackElo "2006"]
[PlyCount "59"]
[EventDate "2014.10.03"]
[EventType "swiss"]
[EventRounds "7"]
[EventCountry "GRE"]
[SourceTitle "EXT 2024"]
[Source "ChessBase"]
[SourceDate "2023.10.10"]
[SourceVersion "1"]
[SourceVersionDate "2023.10.10"]
[SourceQuality "1"]

1. d4 e6 2. c4 Nf6 3. Nf3 Bb4+ 4. Bd2 Qe7 5. g3 0-0 6. Bg2 a5 7. 0-0 Bxd2 8. Qxd2 d6 9. Nc3 Nc6 10. e4 e5 11. d5 Na7 12. a3 Bg4 13. b4 axb4 14. axb4 c6 15. Ra3 cxd5 16. exd5 b5 17. Rfa1 Bxf3 18. Bxf3 bxc4 19. Qe3 Qb7 20. Rxa7 Rxa7 21. Rxa7 Qxb4 22. Ra4 Qb3 23. Ra6 Ne8 24. Ne4 Qb1+ 25. Kg2 f5 26. Nxd6 e4 27. Be2 c3 28. Nxe8 c2 29. Qc3 Rxe8 30. Ra7 1-0